[Event "Llinars del Valles op-B 12th"]
[Site "Llinars del Valles"]
[Date "2018.06.02"]
[Round "7.13"]
[White "Cutura Sole, Alexandre"]
[Black "Maria Medina, Joan Josep"]
[Result "0-1"]
[WhiteElo "1456"]
[BlackElo "1615"]
[PlyCount "58"]
[EventDate "2018.04.14"]
[EventType "swiss"]
[EventRounds "8"]
[EventCountry "ESP"]
[SourceTitle "CBM 184 Extra"]
[Source "ChessBase"]
[SourceDate "2018.06.28"]
[SourceVersion "1"]
[SourceVersionDate "2018.06.28"]
[SourceQuality "1"]

1. c4 e6 2. Nc3 Nf6 3. g3 d5 4. cxd5 exd5 5. d4 c6 6. e3 Bg4 7. f3 Bf5 8. Bg2 Bd6 9. Nge2 Qe7 10. a3 Nbd7 11. Qd2 Nb6 12. b3 0-0 13. 0-0 Rfe8 14. Re1 Nbd7 15. Kf1 Nf8 16. Ng1 Bc7 17. Bb2 Qd7 18. Rac1 Re7 19. Na4 Rae8 20. b4 b6 21. Rc3 c5 22. Nxc5 bxc5 23. dxc5 d4 24. Rcc1 Qb5+ 25. Ne2 dxe3 26. Qd1 Rd8 27. Qb3 Rd3 28. Qc2 N8d7 29. Nd4 Rxd4+ 0-1

[Event "Sants Hostafrancs op-C 18th"]
[Site "Barcelona"]
[Date "2016.08.20"]
[Round "2"]
[White "Cutura Sole, Alexandre"]
[Black "Alves Garcia, Eric"]
[Result "0-1"]
[WhiteElo "1650"]
[BlackElo "1782"]
[PlyCount "67"]
[EventDate "2016.08.19"]
[EventType "swiss"]
[EventRounds "10"]
[EventCountry "ESP"]
[SourceTitle "EXT 2019"]
[Source "ChessBase"]
[SourceDate "2018.10.10"]
[SourceVersion "1"]
[SourceVersionDate "2018.10.10"]
[SourceQuality "1"]

1. c4 c5 2. Nc3 Nc6 3. d3 d6 4. g3 g6 5. Bg2 Bg7 6. e4 e5 7. Nge2 Nge7 8. 0-0 0-0 9. Be3 Nd4 10. Qd2 Bh3 11. Bh6 Bxg2 12. Kxg2 f5 13. Bxg7 Kxg7 14. f4 Nec6 15. Nxd4 cxd4 16. Nd5 Ne7 17. Nxe7 Qxe7 18. exf5 gxf5 19. Rae1 Rae8 20. Rf2 h6 21. Rfe2 b5 22. b3 Qc7 23. Qb4 bxc4 24. bxc4 Qc6+ 25. Kf2 e4 26. dxe4 fxe4 27. Qb5 Qxb5 28. cxb5 d5 29. a4 d3 30. Re3 Rc8 31. Rxd3 exd3 32. Rd1 Rc2+ 33. Ke3 d4+ 34. Kxd4 0-1

[Event "Mataro op 12th"]
[Site "Mataro"]
[Date "2015.11.21"]
[Round "8.6"]
[White "Cutura Sole, Alexandre"]
[Black "Molina Tabernero, Jordi"]
[Result "1-0"]
[WhiteElo "1915"]
[BlackElo "1710"]
[PlyCount "67"]
[EventDate "2015.10.03"]
[EventType "swiss"]
[EventRounds "9"]
[EventCountry "ESP"]
[SourceTitle "EXT 2024"]
[Source "ChessBase"]
[SourceDate "2023.10.10"]
[SourceVersion "1"]
[SourceVersionDate "2023.10.10"]
[SourceQuality "1"]

1. c4 g6 2. g3 Bg7 3. Bg2 d6 4. d3 h6 5. Nc3 a6 6. e4 Nc6 7. Nge2 g5 8. Be3 Nf6 9. h3 0-0 10. Qd2 e5 11. Nd5 Nxd5 12. cxd5 Nd4 13. h4 f6 14. Nxd4 exd4 15. Bxd4 Qe7 16. 0-0-0 Bd7 17. Rdf1 Rac8 18. hxg5 fxg5 19. Bxg7 Qxg7 20. Bh3 g4 21. Bg2 Rf6 22. f4 c6 23. dxc6 Rxc6+ 24. Kb1 Rb6 25. Rc1 Bc6 26. Rc3 Rb5 27. d4 d5 28. e5 Rf8 29. Rhc1 Qe7 30. Bf1 Ra5 31. Rxc6 Ra4 32. Rc7 Qb4 33. Qc2 Qxd4 34. Qh7# 1-0

[Event "Llinars del Valles op-B 8th"]
[Site "Llinars del Valles"]
[Date "2015.05.16"]
[Round "6"]
[White "Cutura Sole, Alexandre"]
[Black "Lazaro Valls, Xavier"]
[Result "0-1"]
[WhiteElo "1874"]
[BlackElo "1811"]
[PlyCount "72"]
[EventDate "2015.04.11"]
[EventType "swiss"]
[EventRounds "9"]
[EventCountry "ESP"]
[SourceTitle "EXT 2016"]
[Source "ChessBase"]
[SourceDate "2015.10.08"]
[SourceVersion "1"]
[SourceVersionDate "2015.10.08"]
[SourceQuality "1"]

1. c4 e5 2. e4 Nf6 3. d3 Bc5 4. h3 c6 5. Nc3 d5 6. Bg5 d4 7. Na4 Bb4+ 8. Bd2 Qa5 9. Nf3 Nbd7 10. b3 b5 11. Nb2 0-0 12. a3 Bxd2+ 13. Nxd2 Qb6 14. cxb5 cxb5 15. b4 Bb7 16. Be2 Rac8 17. 0-0 Rc3 18. Nb1 Rc7 19. Nd2 Rfc8 20. Nb3 Rc2 21. Rb1 R2c3 22. Rc1 Qe6 23. Rxc3 dxc3 24. Na5 Ba8 25. Qc1 Qa2 26. Bd1 Qxb2 27. Bb3 Nf8 28. f3 Ne6 29. Bxe6 fxe6 30. Kh2 Nh5 31. Qxb2 cxb2 32. Rb1 Rc2 33. Nb3 Nf4 34. Nc5 Nxg2 35. Kg3 Nf4 36. Kg4 Rg2+ 0-1

[Event "Llinars del Valles op-B 6th"]
[Site "Llinars del Valles"]
[Date "2012.04.14"]
[Round "1"]
[White "Granados Aguilera, Cristian"]
[Black "Cutura Sole, Alexandre"]
[Result "1/2-1/2"]
[WhiteElo "1323"]
[BlackElo "1701"]
[PlyCount "79"]
[EventDate "2012.04.14"]
[EventType "swiss"]
[EventRounds "9"]
[EventCountry "ESP"]
[SourceTitle "EXT 2013"]
[Source "ChessBase"]
[SourceDate "2012.11.22"]
[SourceVersion "1"]
[SourceVersionDate "2012.11.22"]
[SourceQuality "1"]

1. e4 e5 2. Nf3 Nf6 3. Nxe5 d6 4. Nf3 Nxe4 5. d4 d5 6. Bd3 Nf6 7. 0-0 Be7 8. Re1 0-0 9. c4 c6 10. Nc3 dxc4 11. Bxc4 b5 12. Bd3 Bb7 13. Be3 Nbd7 14. Qc2 h6 15. Rad1 a6 16. Ne5 Bd6 17. Nxd7 Qxd7 18. Ne4 Nxe4 19. Bxe4 Qc7 20. g3 Rac8 21. a3 Rfe8 22. Bg2 a5 23. h4 a4 24. Qd2 Qd7 25. Kh2 Qd8 26. Rc1 Qf6 27. Kg1 Re7 28. Re2 Rec7 29. Bh3 Rd8 30. Bg2 c5 31. Bxb7 Rxb7 32. dxc5 Bxc5 33. Qc3 Qxc3 34. Rxc3 Bxe3 35. Rcxe3 Rbd7 36. Re5 Rd5 37. Rxd5 Rxd5 38. Kf1 Rd1+ 39. Re1 Rd2 40. Re2 1/2-1/2